Septenario doloroso de Maria SSma. Con un sermon (al fin) de gracias por el hallazgo de la imagen de N. Sra. de la Assumpcion / su autor el M. R. P. Fr. Antonio Andres, letor [sic] de sagrada teologia, escritor pùblico de su Orden, regente de Estudios, calificador del Santo Oficio, y custodio actual de su provincia de Descalzos

Detalles Bibliográficos
Autor principal: Andrés, Antonio, O. F. M., m. 1774
Formato: Libro
Lenguaje:Spanish
Publicado: en Valencia : por Benito Monfort, 1785.
Materias:
Colección:Banco de datos
Acervo:Seminario Conciliar de Nuestra Señora de Guadalupe Querétaro. Qro.. Biblioteca Florencio Rosas. Fondo Reservado
Descripción Física:LVI, 220 p. ; 4°
Tema general:Homilética
Mariología
Notas:Portada tipográfica con monograma del impresor y pleca en grabado xilográfico. Texto a renglón seguido con paginación en números arábigos, cornisas, signaturas, reclamos y notas a pie de página. Incluye cabeceras de título con motivos arabescos y letras capitulares historiadas y con motivos arabescos en grabado xilográfico. Encuadernación en pergamino sobre cartón. Daños de hongo, humedad, polilla y en la encuadernación, parte del lomo semidesprendida
LEADER 01394nam a22001930004500
035 |a 1055 
041 0 |a spa 
100 1 |a Andrés, Antonio, O. F. M., m. 1774 
245 1 0 |a Septenario doloroso de Maria SSma. Con un sermon (al fin) de gracias por el hallazgo de la imagen de N. Sra. de la Assumpcion / su autor el M. R. P. Fr. Antonio Andres, letor [sic] de sagrada teologia, escritor pùblico de su Orden, regente de Estudios, calificador del Santo Oficio, y custodio actual de su provincia de Descalzos 
260 |a en Valencia : por Benito Monfort, 1785. 
300 |a LVI, 220 p. ; 4° 
500 |a Portada tipográfica con monograma del impresor y pleca en grabado xilográfico. Texto a renglón seguido con paginación en números arábigos, cornisas, signaturas, reclamos y notas a pie de página. Incluye cabeceras de título con motivos arabescos y letras capitulares historiadas y con motivos arabescos en grabado xilográfico. Encuadernación en pergamino sobre cartón. Daños de hongo, humedad, polilla y en la encuadernación, parte del lomo semidesprendida 
504 |a Al final de la obra está el índice de cosas notables 
650 1 0 |a Homilética 
650 1 0 |a Mariología 
949 |a Fondo Reservado: 1728 
942 |c QUER-RES 
943 |g Seminario Conciliar de Nuestra Señora de Guadalupe Querétaro. Qro.. Biblioteca Florencio Rosas. Fondo Reservado 
999 |c 1108719  |d 1108719